000 00447nam a2200157 a 4500
005 20140412111236.0
008 010404s19uu xx 00 eng d
050 _aTR(GS 371.3
_bC34 1985
100 _aChacon, Rick
245 _aGrocery bag art holidays. /
_cby Rick Chacon.
260 _aHuntington Beach, CA :
_bTeacher Created Materials, Inc,
_c1985.
300 _a48 p. ; ill.
650 _aArt
650 _aReproducibles
999 _c102455
_d102455